000 00543nam a22001817a 4500
005 20170517124341.0
010 _aENG-118207
020 _a9789382711476
_c495.00
035 _aEN-101739
037 _bDBAD/PUB
082 _a364.1524
100 _aAhmad, Faraz
245 _aAssassination of rajiv gandhi an inside job ? /
_cby Faraz Ahmad
260 _aNew Delhi
_bVitasta Publishing
_c2016
270 _a2/15, Ansari Road, Daryaganj, New Delhi-110002
300 _a312p
_c21cm.(Hb)
942 _2ddc
_cEN
_h364.1524
_mAHM
999 _c140019
_d140019